[Event "ABC 2024 Utrecht, Groep B"]
[Site "Utrecht"]
[Date "2024.03.09"]
[Round "3.8"]
[White "Teianu, Maxim"]
[Black "Hallibert, Emilien"]
[Result "1-0"]
[WhiteElo "1818"]
[BlackElo "1799"]

1. d4 {[%clk 00:55:17]} {[%emt 00:00:02]} c6 {[%clk 00:53:48]} {[%emt
00:01:32]} 2. c4 {[%clk 00:55:21]} {[%emt 00:00:06]} d5 {[%clk 00:53:53]}
{[%emt 00:00:05]} 3. Nc3 {[%clk 00:55:26]} {[%emt 00:00:06]} Nf6 {[%clk
00:53:58]} {[%emt 00:00:05]} 4. e3 {[%clk 00:55:25]} {[%emt 00:00:11]} e6
{[%clk 00:54:02]} {[%emt 00:00:06]} 5. Nf3 {[%clk 00:55:29]} {[%emt 00:00:05]}
Nbd7 {[%clk 00:54:07]} {[%emt 00:00:05]} 6. b3 {[%clk 00:55:02]} {[%emt
00:00:38]} Bb4 {[%clk 00:53:58]} {[%emt 00:00:17]} 7. Bd2 {[%clk 00:55:09]}
{[%emt 00:00:05]} O-O {[%clk 00:53:52]} {[%emt 00:00:15]} 8. Bd3 {[%clk
00:54:56]} {[%emt 00:00:24]} b6 {[%clk 00:53:04]} {[%emt 00:00:57]} 9. O-O
{[%clk 00:54:38]} {[%emt 00:00:28]} Bb7 {[%clk 00:53:06]} {[%emt 00:00:07]} 10.
Nxd5 {[%clk 00:53:36]} {[%emt 00:01:13]} Nxd5 {[%clk 00:51:57]} {[%emt
00:01:19]} 11. cxd5 {[%clk 00:53:39]} {[%emt 00:00:08]} Bxd2 {[%clk 00:51:39]}
{[%emt 00:00:26]} 12. dxc6 {[%clk 00:52:10]} {[%emt 00:01:40]} Bxc6 {[%clk
00:49:38]} {[%emt 00:02:11]} 13. Nxd2 {[%clk 00:51:43]} {[%emt 00:00:37]} e5
{[%clk 00:45:07]} {[%emt 00:04:40]} 14. Bxh7+ {[%clk 00:49:12]} {[%emt
00:02:43]} Kxh7 {[%clk 00:44:28]} {[%emt 00:00:46]} 15. Qc2+ {[%clk 00:49:19]}
{[%emt 00:00:04]} f5 {[%clk 00:43:11]} {[%emt 00:01:27]} 16. Qxc6 {[%clk
00:49:22]} {[%emt 00:00:08]} Rf6 {[%clk 00:41:32]} {[%emt 00:01:47]} 17. Qd5
{[%clk 00:41:58]} {[%emt 00:07:34]} Rc8 {[%clk 00:36:31]} {[%emt 00:05:10]} 18.
Rac1 {[%clk 00:39:20]} {[%emt 00:02:49]} Rxc1 {[%clk 00:36:18]} {[%emt
00:00:25]} 19. Rxc1 {[%clk 00:39:23]} {[%emt 00:00:08]} e4 {[%clk 00:35:42]}
{[%emt 00:00:45]} 20. f3 {[%clk 00:35:27]} {[%emt 00:04:05]} exf3 {[%clk
00:34:59]} {[%emt 00:00:53]} 21. Nxf3 {[%clk 00:32:58]} {[%emt 00:02:39]} Qe7
{[%clk 00:34:40]} {[%emt 00:00:28]} 22. Re1 {[%clk 00:32:55]} {[%emt 00:00:15]}
g6 {[%clk 00:34:14]} {[%emt 00:00:36]} 23. Qc4 {[%clk 00:31:02]} {[%emt
00:02:02]} Kg7 {[%clk 00:32:08]} {[%emt 00:02:16]} 24. Qe2 {[%clk 00:30:28]}
{[%emt 00:00:45]} Re6 {[%clk 00:32:03]} {[%emt 00:00:14]} 25. Qf2 {[%clk
00:30:07]} {[%emt 00:00:32]} Re4 {[%clk 00:31:00]} {[%emt 00:01:12]} 26. Nd2
{[%clk 00:29:38]} {[%emt 00:00:41]} Re6 {[%clk 00:30:55]} {[%emt 00:00:12]} 27.
Nf1 {[%clk 00:26:27]} {[%emt 00:03:23]} Nf6 {[%clk 00:30:41]} {[%emt 00:00:23]}
28. Rc1 {[%clk 00:23:37]} {[%emt 00:03:00]} Nd5 {[%clk 00:28:33]} {[%emt
00:02:16]} 29. Qg3 {[%clk 00:18:28]} {[%emt 00:05:21]} b5 {[%clk 00:26:35]}
{[%emt 00:02:06]} 30. Rc8 {[%clk 00:17:48]} {[%emt 00:00:53]} Re4 {[%clk
00:24:21]} {[%emt 00:02:23]} 31. Qb8 {[%clk 00:14:32]} {[%emt 00:03:27]} a6
{[%clk 00:15:30]} {[%emt 00:09:00]} 32. Rc5 {[%clk 00:11:27]} {[%emt 00:03:17]}
Qe6 {[%clk 00:11:35]} {[%emt 00:04:04]} 33. Qb7+ {[%clk 00:11:02]} {[%emt
00:00:35]} Ne7 {[%clk 00:11:26]} {[%emt 00:00:17]} 34. d5 {[%clk 00:09:06]}
{[%emt 00:02:08]} Qd6 {[%clk 00:11:08]} {[%emt 00:00:26]} 35. Qc7 {[%clk
00:09:01]} {[%emt 00:00:17]} Qxc7 {[%clk 00:07:58]} {[%emt 00:03:20]} 36. Rxc7
{[%clk 00:09:03]} {[%emt 00:00:08]} Kf8 {[%clk 00:07:23]} {[%emt 00:00:45]} 37.
d6 {[%clk 00:08:53]} {[%emt 00:00:20]} Nd5 {[%clk 00:03:32]} {[%emt 00:03:57]}
38. Rc8+ {[%emt 00:00:10]} Re8 39. d7 {[%clk 00:08:57]} 1-0

[Event "ABC 2024 Utrecht, Groep B"]
[Site "Utrecht"]
[Date "2024.03.09"]
[Round "3.9"]
[White "Van Haaften, Jelle"]
[Black "Ambrona Navarro, Himar"]
[Result "1-0"]
[WhiteElo "1750"]
[BlackElo "1989"]

1. c4 {[%clk 00:55:18]} {[%emt 00:00:02]} Nf6 {[%clk 00:55:06]} {[%emt
00:00:13]} 2. Nc3 {[%clk 00:55:22]} {[%emt 00:00:05]} d6 {[%clk 00:55:08]}
{[%emt 00:00:08]} 3. d3 {[%clk 00:55:26]} {[%emt 00:00:06]} g6 {[%clk
00:55:03]} {[%emt 00:00:14]} 4. g3 {[%clk 00:55:33]} {[%emt 00:00:05]} Bg7
{[%clk 00:54:49]} {[%emt 00:00:24]} 5. Bg2 {[%clk 00:55:36]} {[%emt 00:00:07]}
O-O {[%clk 00:54:18]} {[%emt 00:00:41]} 6. a3 {[%clk 00:55:39]} {[%emt
00:00:05]} e5 {[%clk 00:54:06]} {[%emt 00:00:24]} 7. Nf3 {[%clk 00:55:13]}
{[%emt 00:00:36]} a5 {[%clk 00:53:15]} {[%emt 00:01:01]} 8. Bd2 {[%clk
00:53:47]} {[%emt 00:01:36]} Re8 {[%clk 00:52:26]} {[%emt 00:00:59]} 9. O-O
{[%clk 00:53:19]} {[%emt 00:00:36]} Nbd7 {[%clk 00:50:51]} {[%emt 00:01:46]} 10.
Qc2 {[%clk 00:51:47]} {[%emt 00:01:42]} Nh5 {[%clk 00:46:24]} {[%emt 00:04:37]}
11. b4 {[%clk 00:48:15]} {[%emt 00:03:43]} f5 {[%clk 00:45:07]} {[%emt
00:01:26]} 12. Qb3 {[%clk 00:43:27]} {[%emt 00:04:59]} c6 {[%clk 00:40:50]}
{[%emt 00:04:27]} 13. bxa5 {[%clk 00:41:02]} {[%emt 00:02:35]} Nc5 {[%clk
00:40:13]} {[%emt 00:00:46]} 14. Qb4 {[%clk 00:37:18]} {[%emt 00:03:55]} Rxa5
{[%clk 00:37:39]} {[%emt 00:02:43]} 15. Rab1 {[%clk 00:31:03]} {[%emt
00:06:26]} Nf6 {[%clk 00:35:15]} {[%emt 00:02:33]} 16. Be3 {[%clk 00:28:44]}
{[%emt 00:02:28]} e4 {[%clk 00:33:14]} {[%emt 00:02:13]} 17. Ne1 {[%clk
00:27:56]} {[%emt 00:00:58]} exd3 {[%clk 00:26:11]} {[%emt 00:07:13]} 18. exd3
{[%clk 00:27:48]} {[%emt 00:00:18]} Ng4 {[%clk 00:23:49]} {[%emt 00:02:29]} 19.
Bg5 {[%clk 00:22:34]} {[%emt 00:05:28]} Qc7 {[%clk 00:22:26]} {[%emt 00:01:29]}
20. Rd1 {[%clk 00:20:42]} {[%emt 00:02:05]} Ne6 {[%clk 00:20:15]} {[%emt
00:02:21]} 21. Bd2 {[%clk 00:19:31]} {[%emt 00:01:20]} c5 {[%clk 00:19:10]}
{[%emt 00:01:16]} 22. Qb1 {[%clk 00:18:51]} {[%emt 00:00:50]} Bxc3 {[%clk
00:17:47]} {[%emt 00:01:33]} 23. Bxc3 {[%clk 00:18:47]} {[%emt 00:00:14]} Rxa3
{[%clk 00:17:34]} {[%emt 00:00:21]} 24. Bb2 {[%clk 00:18:37]} {[%emt 00:00:22]}
Ra8 {[%clk 00:17:12]} {[%emt 00:00:31]} 25. h3 {[%clk 00:18:14]} {[%emt
00:00:34]} Ne5 {[%clk 00:16:50]} {[%emt 00:00:32]} 26. Bd5 {[%clk 00:17:45]}
{[%emt 00:00:40]} Nc6 {[%clk 00:13:32]} {[%emt 00:03:27]} 27. Nc2 {[%clk
00:16:16]} {[%emt 00:01:39]} Ne7 {[%clk 00:12:50]} {[%emt 00:00:50]} 28. Ne3
{[%clk 00:16:01]} {[%emt 00:00:27]} Rf8 {[%clk 00:12:04]} {[%emt 00:00:54]} 29.
Bg2 {[%clk 00:15:42]} {[%emt 00:00:31]} f4 {[%clk 00:09:05]} {[%emt 00:03:07]}
30. Nd5 {[%clk 00:15:40]} {[%emt 00:00:14]} Nxd5 {[%clk 00:08:03]} {[%emt
00:01:13]} 31. Bxd5 {[%clk 00:15:39]} {[%emt 00:00:09]} Bd7 {[%clk 00:04:52]}
{[%emt 00:03:23]} 32. Qc1 {[%clk 00:14:27]} {[%emt 00:01:22]} Qa5 {[%clk
00:02:21]} {[%emt 00:02:39]} 33. Rde1 {[%clk 00:13:54]} {[%emt 00:00:44]} Rae8
{[%clk 00:02:13]} {[%emt 00:00:18]} 34. gxf4 {[%clk 00:13:23]} {[%emt
00:00:42]} Rf5 {[%clk 00:02:04]} {[%emt 00:00:16]} 35. Re2 {[%clk 00:08:52]}
{[%emt 00:04:44]} Kf8 {[%clk 00:01:51]} {[%emt 00:00:20]} 36. Bc3 {[%clk
00:06:58]} {[%emt 00:02:07]} Qd8 {[%clk 00:01:15]} {[%emt 00:00:45]} 37. Bd2
{[%clk 00:06:25]} {[%emt 00:00:43]} Qh4 {[%clk 00:00:56]} {[%emt 00:00:27]} 38.
Qb2 {[%clk 00:05:52]} {[%emt 00:00:45]} Qxh3 {[%clk 00:00:36]} {[%emt
00:00:30]} 39. Re3 {[%clk 00:04:40]} {[%emt 00:01:23]} Qh4 {[%clk 00:00:29]}
{[%emt 00:00:11]} 40. Rfe1 {[%clk 00:04:17]} {[%emt 00:00:38]} Nxf4 {[%clk
00:00:28]} {[%emt 00:00:11]} 41. Qh8# {[%emt 00:00:19]} 1-0

[Event "ABC 2024 Utrecht, Groep B"]
[Site "Utrecht"]
[Date "2024.03.09"]
[Round "3.10"]
[White "Cloosterman, Teun"]
[Black "Heus, Daan"]
[Result "0-1"]
[WhiteElo "1735"]
[BlackElo "1936"]

1. e4 {[%clk 00:55:18]} {[%emt 00:00:01]} e5 {[%clk 00:55:16]} {[%emt
00:00:04]} 2. Nf3 {[%clk 00:55:25]} {[%emt 00:00:04]} Nc6 {[%clk 00:55:20]}
{[%emt 00:00:05]} 3. d4 {[%clk 00:55:32]} {[%emt 00:00:03]} exd4 {[%clk
00:55:22]} {[%emt 00:00:08]} 4. Nxd4 {[%emt 00:00:05]} Bc5 {[%clk 00:55:21]}
{[%emt 00:00:09]} 5. Nb3 {[%clk 00:55:45]} {[%emt 00:00:04]} Bb6 {[%clk
00:55:11]} {[%emt 00:00:20]} 6. Nc3 {[%clk 00:55:53]} {[%emt 00:00:02]} Nf6
{[%clk 00:54:50]} {[%emt 00:00:31]} 7. Bc4 {[%clk 00:55:59]} {[%emt 00:00:04]}
h6 {[%clk 00:53:43]} {[%emt 00:01:17]} 8. Bf4 {[%clk 00:52:09]} {[%emt
00:04:01]} O-O {[%clk 00:52:16]} {[%emt 00:01:36]} 9. Qd2 {[%clk 00:50:21]}
{[%emt 00:01:58]} Ng4 {[%clk 00:50:29]} {[%emt 00:01:57]} 10. Bg3 {[%clk
00:48:23]} {[%emt 00:02:07]} a5 {[%clk 00:48:52]} {[%emt 00:01:48]} 11. h3
{[%clk 00:46:43]} {[%emt 00:01:50]} Nge5 {[%clk 00:47:48]} {[%emt 00:01:14]} 12.
Bb5 {[%clk 00:45:25]} {[%emt 00:01:28]} d6 {[%clk 00:47:12]} {[%emt 00:00:46]}
13. f4 {[%clk 00:41:56]} {[%emt 00:03:39]} Ng6 {[%clk 00:46:18]} {[%emt
00:01:04]} 14. O-O-O {[%clk 00:40:24]} {[%emt 00:01:42]} Re8 {[%clk 00:45:09]}
{[%emt 00:01:19]} 15. e5 {[%clk 00:36:34]} {[%emt 00:03:59]} Be6 {[%clk
00:42:54]} {[%emt 00:02:26]} 16. exd6 {[%clk 00:35:47]} {[%emt 00:00:58]} Bxb3
{[%clk 00:42:34]} {[%emt 00:00:29]} 17. d7 {[%clk 00:33:14]} {[%emt 00:02:43]}
Re7 {[%clk 00:40:49]} {[%emt 00:01:55]} 18. Rhe1 {[%clk 00:32:19]} {[%emt
00:01:04]} Be6 {[%clk 00:40:14]} {[%emt 00:00:46]} 19. Bxc6 {[%clk 00:31:42]}
{[%emt 00:00:47]} bxc6 {[%clk 00:40:08]} {[%emt 00:00:16]} 20. f5 {[%clk
00:31:23]} {[%emt 00:00:29]} Bxf5 {[%clk 00:39:36]} {[%emt 00:00:41]} 21. Rxe7
{[%clk 00:31:14]} {[%emt 00:00:20]} Nxe7 {[%clk 00:39:22]} {[%emt 00:00:24]} 22.
Na4 {[%clk 00:31:02]} {[%emt 00:00:22]} Nd5 {[%clk 00:36:19]} {[%emt 00:03:13]}
23. c4 {[%clk 00:30:41]} {[%emt 00:00:31]} Be3 {[%clk 00:36:03]} {[%emt
00:00:25]} 0-1

[Event "ABC 2024 Utrecht, Groep B"]
[Site "Utrecht"]
[Date "2024.03.09"]
[Round "3.11"]
[White "Katpatal, Akshaj"]
[Black "Roersma, Dylan"]
[Result "1-0"]
[WhiteElo "1919"]
[BlackElo "1735"]

1. c4 {[%clk 00:55:01]} {[%emt 00:00:19]} Nf6 {[%clk 00:55:16]} {[%emt
00:00:05]} 2. Nc3 {[%clk 00:54:46]} {[%emt 00:00:25]} e5 {[%clk 00:55:19]}
{[%emt 00:00:07]} 3. d3 {[%clk 00:54:33]} {[%emt 00:00:23]} Bc5 {[%clk
00:54:56]} {[%emt 00:00:32]} 4. Nf3 {[%clk 00:54:34]} {[%emt 00:00:09]} Nc6
{[%clk 00:54:44]} {[%emt 00:00:22]} 5. g3 {[%clk 00:54:01]} {[%emt 00:00:43]}
O-O {[%clk 00:53:08]} {[%emt 00:01:46]} 6. Bg2 {[%clk 00:54:08]} {[%emt
00:00:03]} h6 {[%clk 00:52:57]} {[%emt 00:00:22]} 7. O-O {[%clk 00:53:43]}
{[%emt 00:00:35]} d6 {[%clk 00:52:42]} {[%emt 00:00:25]} 8. a3 {[%clk
00:52:03]} {[%emt 00:01:50]} a5 {[%clk 00:52:25]} {[%emt 00:00:26]} 9. e3
{[%clk 00:51:44]} {[%emt 00:00:28]} Bg4 {[%clk 00:49:47]} {[%emt 00:02:49]} 10.
h3 {[%clk 00:50:48]} {[%emt 00:01:07]} Bh5 {[%clk 00:47:44]} {[%emt 00:02:12]}
11. Ne2 {[%clk 00:46:00]} {[%emt 00:04:59]} e4 {[%clk 00:43:53]} {[%emt
00:04:01]} 12. dxe4 {[%clk 00:45:45]} {[%emt 00:00:24]} Nxe4 {[%clk 00:42:36]}
{[%emt 00:01:28]} 13. Nf4 {[%clk 00:45:42]} {[%emt 00:00:12]} Bxf3 {[%clk
00:40:43]} {[%emt 00:02:04]} 14. Qxf3 {[%clk 00:43:38]} {[%emt 00:02:13]} Ng5
{[%clk 00:39:20]} {[%emt 00:01:34]} 15. Qe2 {[%clk 00:40:26]} {[%emt 00:03:22]}
Qd7 {[%clk 00:37:37]} {[%emt 00:01:50]} 16. Bd2 {[%clk 00:37:51]} {[%emt
00:02:46]} Rfe8 {[%clk 00:35:56]} {[%emt 00:01:52]} 17. Qh5 {[%clk 00:33:05]}
{[%emt 00:04:56]} Re5 {[%clk 00:32:43]} {[%emt 00:03:19]} 18. Bc3 {[%clk
00:28:36]} {[%emt 00:04:44]} Ree8 {[%clk 00:27:04]} {[%emt 00:05:48]} 19. Rad1
{[%clk 00:22:51]} {[%emt 00:05:55]} Ra7 {[%clk 00:23:58]} {[%emt 00:03:17]} 20.
h4 {[%clk 00:20:50]} {[%emt 00:02:10]} Ne6 {[%clk 00:21:12]} {[%emt 00:02:57]}
21. Qg4 {[%clk 00:18:14]} {[%emt 00:02:46]} Qe7 {[%clk 00:13:32]} {[%emt
00:07:47]} 22. Nd5 {[%clk 00:16:21]} {[%emt 00:02:06]} Qd8 {[%clk 00:12:23]}
{[%emt 00:01:18]} 23. Nf6+ {[%clk 00:15:53]} {[%emt 00:00:38]} Kf8 {[%clk
00:11:52]} {[%emt 00:00:41]} 24. Nxe8 {[%clk 00:15:45]} {[%emt 00:00:19]} Qxe8
{[%clk 00:11:41]} {[%emt 00:00:20]} 25. Bd5 {[%clk 00:15:48]} {[%emt 00:00:08]}
Ne5 {[%clk 00:10:55]} {[%emt 00:00:55]} 26. Bxe5 {[%clk 00:15:52]} {[%emt
00:00:07]} dxe5 {[%clk 00:10:56]} {[%emt 00:00:08]} 27. Bxe6 {[%clk 00:15:50]}
{[%emt 00:00:12]} fxe6 {[%clk 00:10:48]} {[%emt 00:00:18]} 28. Rd2 {[%clk
00:15:40]} {[%emt 00:00:19]} Kg8 {[%clk 00:09:19]} {[%emt 00:01:40]} 29. Rfd1
{[%clk 00:15:44]} {[%emt 00:00:07]} Ra8 {[%clk 00:08:23]} {[%emt 00:01:05]} 30.
Rd7 {[%clk 00:15:38]} {[%emt 00:00:16]} Bf8 {[%clk 00:07:10]} {[%emt 00:01:23]}
31. Rxc7 {[%clk 00:15:20]} {[%emt 00:00:28]} g6 {[%clk 00:06:12]} {[%emt
00:01:08]} 32. Rxb7 {[%clk 00:14:55]} {[%emt 00:00:35]} Qc8 {[%clk 00:04:48]}
{[%emt 00:01:32]} 33. Qxg6+ {[%clk 00:14:58]} 1-0

[Event "ABC 2024 Utrecht, Groep B"]
[Site "Utrecht"]
[Date "2024.03.09"]
[Round "3.12"]
[White "Darie, Aden"]
[Black "Van Rijn, Vincent"]
[Result "1/2-1/2"]
[WhiteElo "1900"]
[BlackElo "1722"]

1. e4 {[%clk 00:53:51]} {[%emt 00:00:05]} e5 {[%clk 00:55:12]} {[%emt
00:00:09]} 2. Nf3 {[%clk 00:53:33]} {[%emt 00:00:28]} Nc6 {[%clk 00:55:19]}
{[%emt 00:00:04]} 3. Bb5 {[%clk 00:53:36]} {[%emt 00:00:05]} a6 {[%clk
00:55:23]} {[%emt 00:00:07]} 4. Ba4 {[%clk 00:53:32]} {[%emt 00:00:13]} Nf6
{[%clk 00:55:27]} {[%emt 00:00:07]} 5. O-O {[%clk 00:53:31]} {[%emt 00:00:08]}
Be7 {[%clk 00:55:29]} {[%emt 00:00:11]} 6. Re1 {[%clk 00:53:29]} {[%emt
00:00:10]} O-O {[%clk 00:55:23]} {[%emt 00:00:18]} 7. c3 {[%clk 00:53:15]}
{[%emt 00:00:23]} d5 {[%clk 00:55:30]} {[%emt 00:00:04]} 8. exd5 {[%clk
00:53:04]} {[%emt 00:00:20]} Nxd5 {[%clk 00:55:26]} {[%emt 00:00:16]} 9. Bxc6
{[%clk 00:52:53]} {[%emt 00:00:20]} bxc6 {[%clk 00:55:25]} {[%emt 00:00:11]} 10.
Nxe5 {[%clk 00:52:45]} {[%emt 00:00:16]} Bb7 {[%clk 00:55:23]} {[%emt
00:00:15]} 11. d4 {[%clk 00:52:35]} {[%emt 00:00:18]} Bd6 {[%clk 00:55:20]}
{[%emt 00:00:14]} 12. c4 {[%clk 00:51:14]} {[%emt 00:01:29]} Nf6 {[%clk
00:54:40]} {[%emt 00:00:52]} 13. c5 {[%clk 00:49:02]} {[%emt 00:02:22]} Bxe5
{[%clk 00:53:48]} {[%emt 00:01:03]} 14. Rxe5 {[%clk 00:48:27]} {[%emt
00:00:42]} Re8 {[%clk 00:53:19]} {[%emt 00:00:41]} 15. Bf4 {[%clk 00:47:42]}
{[%emt 00:00:51]} Bc8 {[%clk 00:49:13]} {[%emt 00:04:21]} 16. h3 {[%clk
00:46:05]} {[%emt 00:01:45]} Rxe5 {[%clk 00:49:12]} {[%emt 00:00:12]} 17. Bxe5
{[%clk 00:45:55]} {[%emt 00:00:19]} Bf5 {[%clk 00:49:13]} {[%emt 00:00:08]} 18.
Nc3 {[%clk 00:44:48]} {[%emt 00:01:17]} Rb8 {[%clk 00:48:45]} {[%emt 00:00:40]}
19. Qf3 {[%clk 00:44:05]} {[%emt 00:00:48]} Bd7 {[%clk 00:48:08]} {[%emt
00:00:52]} 20. b3 {[%clk 00:43:13]} {[%emt 00:01:00]} h6 {[%clk 00:46:53]}
{[%emt 00:01:27]} 21. Re1 {[%clk 00:42:12]} {[%emt 00:01:08]} Qe8 {[%clk
00:45:34]} {[%emt 00:01:32]} 22. Kf1 {[%clk 00:40:49]} {[%emt 00:01:30]} Qd8
{[%clk 00:44:42]} {[%emt 00:00:07]} 23. Bxf6 {[%clk 00:34:48]} {[%emt
00:07:08]} Qxf6 {[%clk 00:44:44]} {[%emt 00:00:08]} 24. Qxf6 {[%clk 00:34:42]}
{[%emt 00:00:17]} gxf6 {[%clk 00:44:53]} {[%emt 00:00:01]} 25. Ne4 {[%clk
00:34:11]} {[%emt 00:00:40]} Kg7 {[%clk 00:44:52]} {[%emt 00:00:12]} 26. Re3
{[%clk 00:34:10]} {[%emt 00:00:09]} f5 {[%clk 00:44:17]} {[%emt 00:00:47]} 27.
Rg3+ {[%clk 00:34:01]} {[%emt 00:00:18]} Kh8 {[%emt 00:00:13]} 28. Nf6 {[%clk
00:33:41]} {[%emt 00:00:27]} Be6 {[%clk 00:43:58]} {[%emt 00:00:31]} 29. f4
{[%clk 00:33:25]} {[%emt 00:00:23]} h5 {[%clk 00:43:19]} {[%emt 00:00:52]} 30.
Rg5 {[%clk 00:33:00]} {[%emt 00:00:32]} h4 {[%clk 00:43:23]} {[%emt 00:00:08]}
31. Ke2 {[%clk 00:32:24]} {[%emt 00:00:43]} a5 {[%clk 00:43:26]} {[%emt
00:00:10]} 32. Kd3 {[%clk 00:32:13]} {[%emt 00:00:18]} a4 {[%clk 00:43:31]}
{[%emt 00:00:08]} 33. bxa4 {[%clk 00:31:54]} {[%emt 00:00:28]} Bb3 {[%clk
00:43:24]} {[%emt 00:00:16]} 34. axb3 {[%clk 00:31:31]} {[%emt 00:00:35]} Rxb3+
{[%clk 00:43:28]} {[%emt 00:00:07]} 35. Kc4 {[%clk 00:29:56]} {[%emt 00:01:41]}
Rb4+ {[%clk 00:43:21]} {[%emt 00:00:21]} 36. Kd3 {[%clk 00:29:51]} {[%emt
00:00:13]} Rb3+ {[%clk 00:43:23]} {[%emt 00:00:09]} 37. Ke2 {[%clk 00:29:57]}
{[%emt 00:00:04]} Rb2+ {[%clk 00:43:21]} {[%emt 00:00:12]} 38. Kf1 {[%clk
00:29:55]} {[%emt 00:00:11]} Rb1+ {[%clk 00:43:28]} {[%emt 00:00:04]} 39. Kf2
{[%clk 00:29:58]} {[%emt 00:00:06]} Rb2+ {[%clk 00:43:30]} {[%emt 00:00:09]} 40.
Kg1 {[%clk 00:29:11]} {[%emt 00:00:56]} Rb1+ {[%clk 00:43:30]} {[%emt
00:00:11]} 41. Kf2 {[%clk 00:28:50]} {[%emt 00:00:31]} Rb2+ {[%clk 00:43:34]}
{[%emt 00:00:06]} 42. Ke1 {[%clk 00:28:57]} {[%emt 00:00:03]} Rb1+ {[%clk
00:43:35]} {[%emt 00:00:09]} 43. Kd2 {[%clk 00:29:03]} {[%emt 00:00:03]} Rb2+
{[%clk 00:43:38]} {[%emt 00:00:09]} 44. Kc1 {[%clk 00:29:09]} {[%emt 00:00:04]}
Rb1+ {[%clk 00:43:35]} {[%emt 00:00:13]} 45. Kc2 {[%clk 00:29:14]} {[%emt
00:00:04]} Rb2+ {[%clk 00:43:42]} {[%emt 00:00:03]} 46. Kc3 {[%clk 00:29:20]}
{[%emt 00:00:04]} Rb3+ {[%clk 00:43:41]} {[%emt 00:00:11]} 47. Kc4 {[%clk
00:29:26]} {[%emt 00:00:03]} Rb4+ {[%clk 00:43:46]} {[%emt 00:00:06]} 48. Kc3
{[%clk 00:29:08]} {[%emt 00:00:28]} Rb3+ {[%clk 00:43:53]} {[%emt 00:00:03]} 49.
Kc2 {[%clk 00:28:53]} {[%emt 00:00:26]} Rb2+ {[%clk 00:43:58]} {[%emt
00:00:05]} 50. Kc1 {[%clk 00:29:01]} {[%emt 00:00:02]} Rb1+ {[%clk 00:44:03]}
{[%emt 00:00:04]} 51. Kd2 {[%clk 00:29:08]} {[%emt 00:00:03]} Rb2+ {[%clk
00:44:03]} {[%emt 00:00:11]} 52. Ke1 {[%clk 00:29:15]} {[%emt 00:00:02]} Rb1+
{[%clk 00:44:08]} {[%emt 00:00:05]} 53. Kf2 {[%clk 00:29:20]} {[%emt 00:00:05]}
Rb2+ {[%clk 00:44:10]} {[%emt 00:00:08]} 54. Kg1 {[%clk 00:29:28]} {[%emt
00:00:02]} Rb1+ {[%clk 00:44:06]} {[%emt 00:00:14]} 55. Kh2 {[%clk 00:29:34]}
{[%emt 00:00:04]} Rh1+ {[%clk 00:44:11]} {[%emt 00:00:05]} 56. Kxh1 {[%clk
00:29:40]} {[%emt 00:00:04]} 1/2-1/2